| 000 | 00468pab a2200181 454500 | ||
|---|---|---|---|
| 008 | 180718b2013 xxu||||| |||| 00| 0 eng d | ||
| 100 | _aSharma, Anand | ||
| 245 | _aVocationalisation of education for sustainable rural development | ||
| 260 | _c2013 | ||
| 300 | _ap.25-27. | ||
| 362 | _aSep | ||
| 650 | _aSustainable development | ||
| 650 | _aEducation | ||
| 650 | _aVocational education | ||
| 773 | _aKurukshetra (English) | ||
| 908 | _aN | ||
| 909 | _a100669 | ||
| 999 |
_c100668 _d100668 |
||